00601nab a22001697a 4500003000400000005001700004008004100021040003700062082003600099100002200135245006200157260004500219650001000264650005800274650002700332773007200359OSt20250430034753.0250404t2005 |||||||| |||| 00| 0 eng d cJMCFI - Learning Resource Center aPer. 370.7’051 M689 2004-2006 aDe Ramos, Eva Bae aMerry Christmas and a happy new year /cEva Bae de Ramos. aManila :bThe Grade School, Inc.,c2005. aPoem. aMerry Christmas and a happy new year (Filipino poem). aPhilippine literature. g, volume 54, number 7 (December 2005) page 295.tThe Modern Teacher